| 000 | 00809nam a2200277Ia 4500 | ||
|---|---|---|---|
| 003 | OSt | ||
| 005 | 20240402153125.0 | ||
| 008 | 210210b2006 xxu||||| |||| 00| 0 eng d | ||
| 020 | _a8173028664 | ||
| 040 | _cAL | ||
| 041 | _aKannada | ||
| 082 | _aK894.9 PRAV | ||
| 100 |
_aPRADHAN GURUDATTA Ed _dಪ್ರಧಾನ್ ಗುರುದತ್ತ _9157914 |
||
| 245 |
_aV Sitaramayy _bವಿ.ಸೀತಾರಾಮಯ್ಯ |
||
| 260 |
_aBengaluru _bNavakaranataka Prakashana _c2006 |
||
| 300 | _a114 | ||
| 650 |
_aVi _9157915 |
||
| 650 |
_aSitaramayya _9157916 |
||
| 650 |
_aRamachandra _9157917 |
||
| 650 |
_aEm _9157918 |
||
| 650 |
_aby _9157919 |
||
| 690 |
_aKannada Criticism _9157920 |
||
| 700 |
_aM Ramachandra _d ಎಂ ರಾಮಚಂದ್ರ _9157921 |
||
| 906 | _a061843 | ||
| 942 |
_2ddc _cBK |
||
| 999 |
_c115908 _d115908 |
||